000 00453nam a2200181Ia 4500
005 20250508152208.0
008 008 250505s9999 xx 000 0 eng d
037 _aTextual
040 _aFEDL
_beng
_cFEDL
041 _aeng
_2eng
084 _a954, TAY
_qFEDL
100 _aTaylor Alice
245 0 _aIndia
260 _aNew York, USA
_bHoliday House
_c1957
300 _a26p.
942 _cTEXL
_h954, TAY
999 _c1334895
_d1334895